| 000 | 01365nam a2200301 i 4500 | ||
|---|---|---|---|
| 001 | 185571 | ||
| 003 | SpMaBN | ||
| 005 | 20230906222452.0 | ||
| 008 | 160718s1985 sp afo |||| |dspa d | ||
| 020 | _a84-85595-24-6 | ||
| 080 | _a635.89 | ||
| 245 | 0 | 0 |
_aTeonanácatl _b: hongos alucinógenos de Europa y América del Norte / _cJonathan Ott, Jeremy Bigwood, R. Gordon Wasson ... [et al.] ; versión íntegra del inglés en castellano, Mariano Santos Antolín... ; edición de Jonathan Ott y Jeremy Bigwood. |
| 246 | 3 | 5 |
_aTeonanácatl _b: extractos de la Segunda Conferencia Internacional sobre Hongos Alucinógenos celebrada cerca de Port Townsend, Washington, 27-30 de octubre de 1977 |
| 250 | _a1ª ed. | ||
| 260 |
_aSan Lorenzo de El Escorial, Madrid : _bSwan Avantos & Hakeldama, _c1985. |
||
| 300 |
_a206 p. : _bil., fot. col. ; _c22 cm. |
||
| 490 | 1 |
_aEl compás de oro ; _v6 |
|
| 500 | _aÍndice. | ||
| 504 | _aReferencias bibliográficas. | ||
| 650 | 4 |
_aHongos alucinógenos. _9160162 |
|
| 650 | 4 |
_aAlucinógenos y experiencia religiosa. _9156627 |
|
| 700 | 1 |
_aOtt, Jonathan. _9154290 |
|
| 700 | 1 |
_aBigwood, Jeremy. _9160156 |
|
| 740 | 0 | 2 | _aSegunda Conferencia Internacional sobre Hongos Alucinógenos. |
| 830 | 0 |
_aEl compás de oro ; _v6 _9181924 |
|
| 852 |
_aES-MaACL _jL-30443 _z. - Donat. Miguel A. Velasco |
||
| 999 |
_c185571 _d185571 |
||